书目信息 |
| 题名: |
电子电路手册
|
|
| 作者: | 余道衡 编 | |
| 分册: | ||
| 出版信息: | 北京 北京大学出版社 1996.10 |
|
| 页数: | 583页 | |
| 开本: | 32开 | |
| 丛书名: | ||
| 单 册: | ||
| 中图分类: | ||
| 科图分类: | ||
| 主题词: | 电子电路 | |
| 电子资源: | ||
| ISBN: | 7-301-03123-8 | |
| 000 | 00575nam0 2200205 45 | |
| 001 | 9912010968 | |
| 005 | 19991201091405.6 | |
| 010 | @a7-301-03123-8@d39.00元 | |
| 100 | @a19991201d1996 km y0chiy0120 ea | |
| 101 | @achi | |
| 105 | @a z 000yy | |
| 200 | 1 | @a电子电路手册@ADian Zi Dian Lu Shou Ce@f余道衡,徐承和编@FYu Dao Heng,Xu Cheng He Bian |
| 210 | @a北京@c北京大学出版社@d1996.10 | |
| 215 | @a583页@d32开 | |
| 606 | 0 | @a电子电路 |
| 690 | @v3 | |
| 690 | @aTN710-62 | |
| 701 | @a余道衡@4编 | |
| 801 | @aCN@bPFTUser@c19991201 | |
| 905 | @f3@b45479-481@dTN710-62@eY290 | |
| 电子电路手册/余道衡,徐承和编.-北京:北京大学出版社,1996.10 |
| 583页;32开 |
| ISBN 7-301-03123-8:39.00元 |
| ● |
| 相关链接 |
|
|
|
正题名:电子电路手册
索取号:TN710-62/Y290
 
预约/预借
| 序号 | 登录号 | 条形码 | 馆藏地/架位号 | 状态 | 备注 |
| 1 | 45479 | 200454793 | 自科二线504/ [索取号:TN710-62/Y290] | 在馆 | |
| 2 | 45480 | 200454800 | 自科二线504/504自科库 8排2列2层/ [索取号:TN710-62/Y290] | 在馆 | |
| 3 | 45481 | 200454819 | 自科二线504/504自科库 8排2列2层/ [索取号:TN710-62/Y290] | 在馆 |